| Tag |
First Indicator |
Second Indicator |
Subfields |
| LEADER |
00000cam a2200000 a 4500 |
| 001 |
in00001402479 |
| 005 |
20151020055407.0 |
| 008 |
970206s1997 enka b 100 0 eng |
| 010 |
|
|
|a 97001172
|
| 020 |
|
|
|a 0198511973
|
| 035 |
|
|
|a (OCoLC)36407654
|
| 035 |
|
|
|9 AHN4352AM
|
| 040 |
|
|
|a DLC
|c DLC
|d TXA
|d UtOrBLW
|
| 049 |
|
|
|a TXAM
|
| 050 |
0 |
0 |
|a TA1637
|b .I36 1994
|
| 082 |
0 |
0 |
|a 621.36/7
|2 21
|
| 111 |
2 |
|
|a IMA Conference on Image Processing: Mathematical Methods and Applications
|n (1st :
|d 1994 :
|c Cranfield University)
|
| 245 |
1 |
0 |
|a Image processing :
|b mathematical methods and applications /
|c edited by J.M. Blackledge.
|
| 264 |
|
1 |
|a Oxford :
|b Clarendon Press ;
|a New York :
|b Oxford University Press,
|c 1997.
|
| 300 |
|
|
|a xviii, 516 pages :
|b illustrations ;
|c 24 cm.
|
| 336 |
|
|
|a text
|b txt
|2 rdacontent
|
| 337 |
|
|
|a unmediated
|b n
|2 rdamedia
|
| 338 |
|
|
|a volume
|b nc
|2 rdacarrier
|
| 490 |
1 |
|
|a The Institute of Mathematics and Its Applications conference series ;
|v new ser., 61
|
| 500 |
|
|
|a "Based on the proceeding of the First IMA Conference on 'Image Processing: Mathematical Methods and Applications'. Organised by the Institute of Mathematics and its Applications and held at Cranfield University in September 1994."
|
| 504 |
|
|
|a Includes bibliographical references.
|
| 650 |
|
0 |
|a Image processing
|x Mathematics
|v Congresses.
|
| 650 |
|
0 |
|a Image compression
|v Congresses.
|
| 650 |
|
0 |
|a Computer algorithms
|v Congresses.
|
| 700 |
1 |
|
|a Blackledge, J. M.
|q (Jonathan M.)
|
| 710 |
2 |
|
|a Institute of Mathematics and Its Applications.
|
| 830 |
|
0 |
|a Institute of Mathematics and Its Applications conference series ;
|v new ser., 61.
|
| 948 |
|
|
|a c:pk
|
| 999 |
|
|
|a MARS
|
| 999 |
f |
f |
|s 0fb154e5-b550-30e5-86c9-404db6235266
|i 66a23913-b088-3f82-99d5-02e05bb99aa5
|t 0
|
| 952 |
f |
f |
|p ric
|a Texas A&M University
|b Rellis Campus
|c Joint Library Facility
|d Remote Storage
|t 0
|e TA1637 .I36 1994
|h Library of Congress classification
|i unmediated -- volume
|m A14822183504
|
| 998 |
f |
f |
|a TA1637 .I36 1994
|t 0
|l Remote Storage
|